|
|
|
|
| LEADER |
00000naa2a2200000 4500 |
| 001 |
244182 |
| 005 |
20251222164026.0 |
| 035 |
|
|
|a (RuTPU)RU\TPU\book\265564
|
| 035 |
|
|
|a RU\TPU\book\265563
|
| 090 |
|
|
|a 244182
|
| 100 |
|
|
|a 20131016d2013 k y0rusy50 ca
|
| 101 |
0 |
|
|a rus
|
| 102 |
|
|
|a RU
|
| 135 |
|
|
|a drnn ---uucaa
|
| 181 |
|
0 |
|a i
|
| 182 |
|
0 |
|a b
|
| 200 |
1 |
|
|a Влияние масштабного фактора на параметры электрического отклика при упругом ударном возбуждении бетона
|f С. И. Чеховских
|g науч. рук. Т. В. Фурса
|
| 203 |
|
|
|a Текст
|c электронный
|
| 225 |
1 |
|
|a Контроль и управление качеством
|
| 300 |
|
|
|a Заглавие с титульного экрана
|
| 320 |
|
|
|a [Библиогр.: с. 171 (3 назв.)]
|
| 337 |
|
|
|a Adobe Reader
|
| 461 |
|
1 |
|0 (RuTPU)RU\TPU\book\263794
|t Современные техника и технологии
|o сборник трудов XIX международной научно-практической конференции студентов, аспирантов и молодых ученых, Томск, 15-19 апреля 2013 г.
|o в 3 т.
|f Национальный исследовательский Томский политехнический университет (ТПУ)
|d 2013
|
| 463 |
|
1 |
|0 (RuTPU)RU\TPU\book\263799
|t Т. 3
|v [С. 170-171]
|d 2013
|
| 610 |
1 |
|
|a труды учёных ТПУ
|
| 610 |
1 |
|
|a электронный ресурс
|
| 610 |
1 |
|
|a факторы
|
| 610 |
1 |
|
|a параметры
|
| 610 |
1 |
|
|a упругое поведение
|
| 610 |
1 |
|
|a ударное возбуждение
|
| 610 |
1 |
|
|a бетон
|
| 700 |
|
1 |
|a Чеховских
|b С. И.
|
| 702 |
|
1 |
|a Фурса
|b Т. В.
|c специалист в области неразрушающего контроля
|c ведущий научный сотрудник Томского политехнического университета, доктор технических наук
|f 1951-
|g Татьяна Викторовна
|3 (RuTPU)RU\TPU\pers\27723
|4 727
|
| 712 |
0 |
2 |
|a Национальный исследовательский Томский политехнический университет (ТПУ)
|b Институт неразрушающего контроля (ИНК)
|b Проблемная научно-исследовательская лаборатория электроники, диэлектриков и полупроводников (ПНИЛ ЭДиП)
|3 (RuTPU)RU\TPU\col\19033
|
| 801 |
|
2 |
|a RU
|b 63413507
|c 20131028
|g RCR
|
| 856 |
4 |
|
|u http://www.lib.tpu.ru/fulltext/c/2013/C01/V3/082.pdf
|
| 942 |
|
|
|c CF
|